000 00398nam a2200169Ia 4500
001 3809
003 IN-NITTTR
005 20251114232951.0
008 251113s9999||||xx |||||||||||||| ||eng||
040 _beng
040 _cIN-NITTTR
041 _aeng
082 _a570 M829L
100 _aMorowitz, Harold J.
245 0 _aLife and the physical sciences. /
_cMorowitz, Harold J.
942 _2ddc
_cBK
999 _c6139
_d6139